000
00210 a2200097 4500
020
_a
9788481940305
041
_a
spa
100
_a
Santillana
245
_a
Conociminetos del medio Espaą y Europa
942
_c
BK
999
_c
15825
_d
15825